[Event "FC St. Pauli III - FC St. Pauli II"]
[Site "Landesliga Hamburg 2019/20"]
[Date "2019.09.29"]
[Round "1.2"]
[White "Breyther, Ruediger"]
[Black "Jahncke, Giso"]
[Result "1-0"]
[WhiteElo "2239"]
[BlackElo "2339"]
[PlyCount "105"]
[EventDate "2019.??.??"]

1. e4 c5 2. Nf3 Nc6 3. d4 cxd4 4. Nxd4 Nf6 5. Nc3 e6 6. Ndb5 d6 7. Bf4 e5 8.
Bg5 a6 9. Na3 b5 10. Nd5 Be7 11. Bxf6 Bxf6 12. c4 b4 13. Nc2 O-O 14. g3 Bg5 15.
Bg2 Qa5 16. O-O Qc5 17. Kh1 Ne7 18. h4 Nxd5 19. Qxd5 Qxd5 20. cxd5 Bh6 21. Nxb4
Rb8 22. Nd3 a5 23. Rfd1 Ba6 24. g4 f6 25. Rab1 Rfc8 26. Bf1 Rc2 27. Ne1 Bxf1
28. Nxc2 Be2 29. b3 Bxg4 30. Na3 Bf3+ 31. Kg1 f5 32. Nc4 fxe4 33. Nxd6 e3 34.
Nf5 e2 35. Nxh6+ gxh6 36. Rd2 Rb4 37. Kh2 Rd4 38. Rxd4 exd4 39. Kg3 Bxd5 40. f3
Kf7 41. Kf2 d3 42. Ke3 Ke6 43. Kxd3 Bxf3 44. Ke3 Bg4 45. Rc1 Kd5 46. Kd2 Ke4
47. Rc5 h5 48. Ke1 Kf3 49. Rc3+ Kf4 50. Kf2 Be6 51. Rc6 Bg8 52. Rc5 h6 53. Rxh5
1-0

[Event "FC St. Pauli III - FC St. Pauli II"]
[Site "Landesliga Hamburg 2019/20"]
[Date "2019.09.29"]
[Round "1.3"]
[White "Perez De Miguel, Alvaro"]
[Black "Thomaschke, Dirk"]
[Result "1-0"]
[WhiteElo "2290"]
[BlackElo "2133"]
[PlyCount "61"]
[EventDate "2019.??.??"]

1. d4 d5 2. Nf3 e6 3. e3 Nf6 4. Bd3 c5 5. c3 Nc6 6. Nbd2 Bd6 7. O-O O-O 8. dxc5
Bxc5 9. Qe2 e5 10. e4 Bg4 11. exd5 Qxd5 12. Ne4 Be7 13. h3 Bh5 14. Rd1 Nxe4 15.
Bxe4 Qe6 16. Qb5 Rad8 17. Be3 Bxf3 18. Bxf3 e4 19. Bg4 f5 20. Rxd8 Bxd8 21. Be2
Qc8 22. Rd1 Bf6 23. Rd5 g6 24. Bh6 Bg7 25. Bf4 Re8 26. Rd6 Kh8 27. Qd5 Rd8 28.
Bc4 Rxd6 29. Bxd6 Qd8 30. Qe6 Na5 31. Bc7 1-0

[Event "FC St. Pauli III - FC St. Pauli II"]
[Site "Landesliga Hamburg 2019/20"]
[Date "2019.09.29"]
[Round "1.4"]
[White "zur Lage, Julian"]
[Black "Stenner, Patrick"]
[Result "1/2-1/2"]
[WhiteElo "2137"]
[BlackElo "2249"]
[PlyCount "96"]
[EventDate "2019.??.??"]

1. d4 Nf6 2. Nf3 d5 3. c4 e6 4. g3 Bb4+ 5. Bd2 Bd6 6. Bg2 c6 7. O-O Nbd7 8. Nc3
O-O 9. e4 Nxe4 10. Nxe4 dxe4 11. Ng5 Be7 12. Nxe4 f5 13. Nc3 Nb6 14. c5 Nd5 15.
Nxd5 exd5 16. Bf4 Bf6 17. Re1 Bd7 18. Be5 Bxe5 19. Rxe5 f4 20. Qd3 Qf6 21. Rae1
Bf5 22. Qb3 Rab8 23. gxf4 Bg6 24. f5 Bxf5 25. Qg3 Bg6 26. h4 b6 27. h5 Bf7 28.
cxb6 Rxb6 29. R1e2 Rb4 30. Rd2 Rc4 31. Bf1 Rc1 32. Kg2 Qh6 33. Qg5 Bxh5 34.
Qxh6 Bf3+ 35. Kg3 gxh6 36. Re3 Be4 37. Bg2 Bf5 38. Rc3 Rxc3+ 39. bxc3 Kg7 40.
Rb2 Rf7 41. Rb4 Kf6 42. c4 Rg7+ 43. Kh2 Be4 44. Bxe4 dxe4 45. Ra4 Kf5 46. Ra6
Rd7 47. Rxc6 Rxd4 48. Ra6 Rxc4 1/2-1/2

[Event "FC St. Pauli III - FC St. Pauli II"]
[Site "Landesliga Hamburg 2019/20"]
[Date "2019.09.29"]
[Round "1.5"]
[White "Schuetze, Michael"]
[Black "Goepfert, Jakob"]
[Result "1/2-1/2"]
[WhiteElo "2193"]
[BlackElo "2123"]
[PlyCount "117"]
[EventDate "2019.??.??"]

1. Nf3 d5 2. g3 Nf6 3. Bg2 Bf5 4. O-O Nbd7 5. d4 h6 6. c4 e6 7. Qb3 Qc8 8. Nc3
c6 9. Bf4 Be7 10. Rac1 O-O 11. Nd2 g5 12. Be3 Nb6 13. f3 Qc7 14. Bf2 Bg6 15. e4
dxe4 16. Ndxe4 Rfd8 17. Rfd1 a5 18. d5 Nxe4 19. Nxe4 Nxc4 20. Qxc4 exd5 21.
Rxd5 Rxd5 22. Qxd5 cxd5 23. Rxc7 Bd8 24. Rxb7 dxe4 25. fxe4 Rc8 26. Bd4 Rc1+
27. Kf2 Rc2+ 28. Ke3 Rxg2 29. Rb8 f5 30. Rxd8+ Kf7 31. Rd6 f4+ 32. gxf4 gxf4+
33. Kxf4 Rxh2 34. Rf6+ Kg7 35. Ke3 Kh7 36. Re6 h5 37. Be5 Rh3+ 38. Kd4 h4 39.
Re7+ Kh6 40. Bf6 Rh2 41. Ke3 h3 42. Kf3 Rg2 43. Bg7+ Kh7 44. Be5+ Kg8 45. Ra7
Bh5+ 46. Ke3 h2 47. Bxh2 Rxh2 48. Rxa5 Bg6 49. b4 Rb2 50. a3 Kf7 51. e5 Ke7 52.
Kd4 Kd7 53. Ra7+ Kd8 54. e6 Be8 55. e7+ Kc8 56. Kc3 Re2 57. Ra8+ Kd7 58. Ra7+
Kc8 59. Ra8+ 1/2-1/2

[Event "FC St. Pauli III - FC St. Pauli II"]
[Site "Landesliga Hamburg 2019/20"]
[Date "2019.09.29"]
[Round "1.6"]
[White "Wronn, Bernd"]
[Black "Mitscherling, Andreas"]
[Result "1-0"]
[WhiteElo "2149"]
[BlackElo "2185"]
[PlyCount "47"]
[EventDate "2019.??.??"]

1. Nf3 Nf6 2. c4 e6 3. g3 d5 4. Bg2 c5 5. cxd5 exd5 6. d4 Nc6 7. O-O Be7 8. Nc3
O-O 9. b3 Ne4 10. Bb2 Bf6 11. Na4 b5 12. Nxc5 Nxc5 13. Rc1 Nxb3 14. Qxb3 Na5
15. Qxb5 Be6 16. Bc3 Nc4 17. Ne5 Rc8 18. Bb4 Re8 19. Nxc4 dxc4 20. Bc6 Rb8 21.
Qa4 Be7 22. Ba5 Qxd4 23. Bxe8 Bc5 24. Bc6 1-0

[Event "FC St. Pauli III - FC St. Pauli II"]
[Site "Landesliga Hamburg 2019/20"]
[Date "2019.09.29"]
[Round "1.7"]
[White "Reuber, Artur"]
[Black "Kluth, Carsten"]
[Result "1/2-1/2"]
[WhiteElo "2176"]
[BlackElo "2113"]
[PlyCount "120"]
[EventDate "2019.??.??"]

1. c4 c6 2. Nf3 d5 3. Qc2 Nf6 4. b3 g6 5. Bb2 Bg7 6. g3 O-O 7. Bg2 Re8 8. O-O
Nbd7 9. d4 Ne4 10. Rd1 Ndf6 11. Ne5 Bf5 12. Qc1 Nd7 13. f3 Nef6 14. Nc3 dxc4
15. e4 Be6 16. Nxc4 Bxc4 17. bxc4 e5 18. d5 Qb6+ 19. Kh1 Rac8 20. Qd2 Qb4 21.
Bf1 Nb6 22. dxc6 bxc6 23. Nb1 Qxd2 24. Nxd2 Na4 25. Ba3 Bf8 26. Bxf8 Kxf8 27.
Nb3 Red8 28. Bh3 Rxd1+ 29. Rxd1 Rc7 30. Rd8+ Ke7 31. Rb8 Nd7 32. Bxd7 Rxd7 33.
Kg2 Kd6 34. Kf2 Nc5 35. Ke3 Nxb3 36. axb3 Kc5 37. f4 exf4+ 38. gxf4 a5 39. e5
Ra7 40. Kd3 Rd7+ 41. Kc3 Rd4 42. Ra8 Rxf4 43. Rxa5+ Kb6 44. Ra2 Re4 45. Rf2
Rxe5 46. Rxf7 Rh5 47. b4 Rh3+ 48. Kd4 Rh4+ 49. Kc3 Rh3+ 50. Kd4 Rh4+ 51. Kc3
Rh3+ 52. Kb2 Rxh2+ 53. Kb3 c5 54. Rf6+ Kb7 55. b5 Rh3+ 56. Ka4 Rc3 57. Rf7+ Kb6
58. Rf6+ Kb7 59. b6 Rxc4+ 60. Kb5 Rb4+ 1/2-1/2

[Event "Schachfreunde II - FC St. Pauli II"]
[Site "Landesliga Hamburg 2019/20"]
[Date "2019.10.20"]
[Round "2.1"]
[White "Jahncke, Giso"]
[Black "Andersen, Jens Knud"]
[Result "0-1"]
[WhiteElo "2340"]
[BlackElo "2142"]
[PlyCount "100"]
[EventDate "2019.??.??"]

1. d4 Nf6 2. c4 d6 3. Nf3 Nbd7 4. Nc3 c6 5. g3 e5 6. Bg2 Be7 7. O-O O-O 8. e4
a6 9. a4 a5 10. b3 exd4 11. Nxd4 Nc5 12. h3 Re8 13. Re1 Bf8 14. Qc2 Bd7 15. Bf4
Qb6 16. Rad1 h6 17. g4 Rad8 18. Kh1 Bc8 19. Bh2 g6 20. f4 Bg7 21. f5 Nfd7 22.
fxg6 fxg6 23. Bxd6 Ne5 24. Bxe5 Bxe5 25. Nf3 Rxd1 26. Nxd1 Qxb3 27. Qd2 Bg7 28.
Nf2 Qxa4 29. e5 Qb4 30. Qc2 Be6 31. Qxg6 Bf7 32. Qf5 Qxc4 33. g5 Qe6 34. Qc2
Qc4 35. Qd2 Qb4 36. Qc1 hxg5 37. Nxg5 Rxe5 38. Rxe5 Bxe5 39. Ng4 Bf4 40. Nf6+
Kf8 41. Nfh7+ Ke7 42. Qa1 Nd7 43. Nf3 Qc5 44. Qe1+ Qe3 45. Qh4+ Kd6 46. Nf6
Qc1+ 47. Ng1 Be3 48. Ne4+ Kc7 49. Qg3+ Kb6 50. Bf1 Bd5 0-1

[Event "Schachfreunde II - FC St. Pauli II"]
[Site "Landesliga Hamburg 2019/20"]
[Date "2019.10.20"]
[Round "2.2"]
[White "Hermann, Matthias"]
[Black "Perez De Miguel, Alvaro"]
[Result "0-1"]
[WhiteElo "2228"]
[BlackElo "2290"]
[PlyCount "96"]
[EventDate "2019.??.??"]

1. Nc3 d5 2. e4 c6 3. Nf3 dxe4 4. Nxe4 Nf6 5. Nxf6+ gxf6 6. d4 Bg4 7. c3 Qc7 8.
h3 Bh5 9. Be2 Nd7 10. O-O e6 11. b4 Bd6 12. Qd2 a5 13. Rb1 Bg6 14. Rb3 Rg8 15.
a3 a4 16. Rb2 b5 17. c4 bxc4 18. Bxc4 Be4 19. Qe3 f5 20. Ng5 Nb6 21. Nxe4 Nxc4
22. Nf6+ Ke7 23. Nxg8+ Rxg8 24. Qh6 Nxb2 25. Bxb2 Bh2+ 26. Kh1 Bf4 27. Qxh7 Rg6
28. Qh4+ Kd7 29. Bc1 Bd6 30. Qh7 Kc8 31. d5 cxd5 32. Be3 Qb7 33. Qh8+ Kd7 34.
Bd4 Qc8 35. Qh5 Qc4 36. Qd1 Ke7 37. Re1 Rg8 38. Ba1 Qf4 39. Kg1 Qh2+ 40. Kf1
Qxg2+ 41. Ke2 Qe4+ 42. Kd2 Bf4+ 43. Kc3 Rc8+ 44. Kb2 Be5+ 45. Ka2 Rc2+ 46. Kb1
Rb2+ 47. Kc1 Qc4+ 48. Qc2 Qxc2# 0-1

[Event "Schachfreunde II - FC St. Pauli II"]
[Site "Landesliga Hamburg 2019/20"]
[Date "2019.10.20"]
[Round "2.3"]
[White "Stenner, Patrick"]
[Black "Mix, Clemens"]
[Result "1-0"]
[WhiteElo "2242"]
[BlackElo "1925"]
[PlyCount "67"]
[EventDate "2019.??.??"]

1. e4 c5 2. Nc3 a6 3. g3 b5 4. Bg2 Bb7 5. d3 e6 6. Nh3 Nf6 7. O-O d5 8. exd5
Nxd5 9. Ne4 Be7 10. Bg5 Qc7 11. c4 Nf6 12. Bf4 Qb6 13. Nhg5 O-O 14. b4 Nxe4 15.
Nxe4 Nd7 16. a4 cxb4 17. Be3 Qd8 18. axb5 axb5 19. cxb5 Bd5 20. Ra6 Rxa6 21.
bxa6 f5 22. Qa4 fxe4 23. dxe4 Ba8 24. Rd1 Nb6 25. Qb3 Qxd1+ 26. Qxd1 Nc4 27.
Qb3 Nxe3 28. Qxe6+ Rf7 29. fxe3 Bg5 30. Qb3 Be7 31. e5 Bxg2 32. Kxg2 Bc5 33. e6
Re7 34. Qd5 1-0

[Event "Schachfreunde II - FC St. Pauli II"]
[Site "Landesliga Hamburg 2019/20"]
[Date "2019.10.20"]
[Round "2.4"]
[White "Zimmermann, Martin"]
[Black "Schuetze, Michael"]
[Result "1/2-1/2"]
[WhiteElo "2149"]
[BlackElo "2193"]
[PlyCount "52"]
[EventDate "2019.??.??"]

1. d4 f5 2. Nf3 Nf6 3. g3 g6 4. Bg2 Bg7 5. O-O O-O 6. c4 d6 7. Nc3 c6 8. b3 Na6
9. Bb2 Rb8 10. a3 b5 11. cxb5 cxb5 12. b4 Nc7 13. Rc1 Bb7 14. Qb3+ e6 15. Ng5
Qd7 16. Rc2 Bxg2 17. Kxg2 h6 18. Nf3 Rfc8 19. Rfc1 Ncd5 20. Nd1 Nb6 21. Nd2
Rxc2 22. Rxc2 Rc8 23. Ne3 Kf7 24. f3 d5 25. Rxc8 Qxc8 26. Qc2 Qxc2 1/2-1/2

[Event "Schachfreunde II - FC St. Pauli II"]
[Site "Landesliga Hamburg 2019/20"]
[Date "2019.10.20"]
[Round "2.5"]
[White "Richter, Maik"]
[Black "Steinmetz, Oliver"]
[Result "1-0"]
[WhiteElo "2159"]
[BlackElo "2003"]
[PlyCount "69"]
[EventDate "2019.??.??"]

1. e4 d5 2. exd5 Nf6 3. d4 Nxd5 4. Nf3 g6 5. Bc4 Bg7 6. O-O O-O 7. h3 h6 8. Re1
c6 9. Bb3 Bf5 10. Nbd2 Nd7 11. Nf1 N7f6 12. Ng3 Be6 13. Ne5 Qd6 14. c4 Nc7 15.
Bf4 g5 16. Be3 Nh7 17. f4 f6 18. Nf3 gxf4 19. Ne4 Qd8 20. Bxf4 Bf7 21. Ng3 Ne6
22. Be3 Nhg5 23. Nh4 Qc7 24. Nhf5 Rad8 25. Qg4 Kh8 26. h4 Nh7 27. d5 cxd5 28.
cxd5 Neg5 29. hxg5 fxg5 30. Nxg7 Kxg7 31. Bd4+ Kg8 32. Nf5 Nf6 33. Nxh6+ Kh7
34. Qxg5 Bg6 35. Nf5 1-0

[Event "Schachfreunde II - FC St. Pauli II"]
[Site "Landesliga Hamburg 2019/20"]
[Date "2019.10.20"]
[Round "2.7"]
[White "Reuber, Artur"]
[Black "Oelmeyer, Gerrit"]
[Result "1/2-1/2"]
[WhiteElo "2176"]
[BlackElo "2038"]
[PlyCount "56"]
[EventDate "2019.??.??"]

1. c4 c5 2. b3 Nc6 3. Bb2 Nf6 4. Nf3 d5 5. cxd5 Nxd5 6. g3 f6 7. Bg2 e5 8. O-O
Be6 9. e3 Qd7 10. d4 cxd4 11. exd4 e4 12. Nfd2 f5 13. Nc4 Bb4 14. a3 Be7 15.
Nbd2 b5 16. Ne3 Nxe3 17. fxe3 O-O 18. g4 fxg4 19. Nxe4 Rxf1+ 20. Qxf1 Rf8 21.
Qxb5 Rb8 22. Qe2 Rxb3 23. d5 Bxd5 24. Rd1 Qb7 25. Nf6+ Kh8 26. Bxd5 Rxb2 27.
Qxg4 Bxf6 28. Qf3 Qb8 1/2-1/2

[Event "TV Fischbek - FC St. Pauli III"]
[Site "Landesliga Hamburg 2019/20"]
[Date "2019.10.20"]
[Round "2.1"]
[White "Kahlert, Thomas"]
[Black "de Voogt, Juergen"]
[Result "0-1"]
[WhiteElo "2159"]
[BlackElo "2225"]
[PlyCount "62"]
[EventDate "2019.??.??"]

1. Nf3 g6 2. d4 Bg7 3. c4 d6 4. Nc3 Bg4 5. e3 Nc6 6. Be2 e5 7. d5 Nce7 8. Nxe5
Bxe2 9. Qa4+ c6 10. dxc6 bxc6 11. Nxc6 Bxc3+ 12. Kxe2 Qd7 13. bxc3 Qxc6 14.
Qxc6+ Nxc6 15. Rd1 O-O-O 16. Ba3 Nf6 17. f3 d5 18. cxd5 Nxd5 19. Rac1 Rhe8 20.
e4 f5 21. c4 Nf4+ 22. Ke3 Nxg2+ 23. Kf2 Nf4 24. Bd6 Ne6 25. e5 f4 26. Rd5 Rd7
27. Rb1 Rb7 28. Rdb5 Ned8 29. a4 Re6 30. a5 Nxe5 31. Rc5+ Kd7 0-1

[Event "TV Fischbek - FC St. Pauli III"]
[Site "Landesliga Hamburg 2019/20"]
[Date "2019.10.20"]
[Round "2.2"]
[White "Kneip, Jakob"]
[Black "Thomaschke, Dirk"]
[Result "1/2-1/2"]
[WhiteElo "2079"]
[BlackElo "2137"]
[PlyCount "164"]
[EventDate "2019.??.??"]

1. e4 e5 2. Nf3 Nc6 3. Bb5 a6 4. Ba4 Nf6 5. O-O Be7 6. d3 b5 7. Bb3 d6 8. a3
O-O 9. Nc3 Bg4 10. Be3 Nd4 11. Bxd4 exd4 12. Nd5 c5 13. h3 Be6 14. Nxf6+ Bxf6
15. Bxe6 fxe6 16. a4 d5 17. e5 Be7 18. Nh2 b4 19. b3 Qe8 20. f4 Qg6 21. Qg4
Qxg4 22. hxg4 Rf7 23. g3 h6 24. Rf2 Raf8 25. Raf1 g6 26. Nf3 Kg7 27. Nd2 Bd8
28. Kg2 Bc7 29. Rf3 Bd8 30. Kh3 Bc7 31. Kh2 Bd8 32. Kg2 Bc7 33. R3f2 Bd8 34.
Nf3 Be7 35. Nd2 Bd8 36. Kf3 Bc7 37. Ke2 Bd8 38. Rh2 Rh8 39. Rfh1 Rff8 40. Nf3
Be7 41. g5 hxg5 42. Rxh8 Rxh8 43. Rxh8 Kxh8 44. fxg5 Kg7 45. Kf2 Kf7 46. Kg2
Bd8 47. Kh3 Bb6 48. Kg4 Bc7 49. Kf4 Bb8 50. Nh2 Bc7 51. Ng4 Bb8 52. Nf6 Ke7 53.
Ng8+ Kf7 54. Nh6+ Kf8 55. Ng4 Kf7 56. Nf2 Bc7 57. Nd1 a5 58. Nb2 Bb8 59. Nd1
Bc7 60. Nf2 Bb8 61. Ng4 Bc7 62. Kf3 Bb8 63. Nh6+ Kf8 64. Kf4 Bc7 65. Ng4 Kf7
66. Nf6 Ke7 67. Ng4 Kf7 68. Nh2 Bd8 69. Kg4 Bc7 70. Nf3 Bb8 71. Kh3 Bc7 72. Kg2
Bb8 73. Kf2 Bc7 74. Ke2 Bd8 75. Kd2 Bb6 76. Kc1 Bc7 77. Kb2 Bd8 78. Ka1 Bc7 79.
Ka2 Bb6 80. Ka1 Bc7 81. Ka2 Bb6 82. Ka1 Bc7 1/2-1/2

[Event "TV Fischbek - FC St. Pauli III"]
[Site "Landesliga Hamburg 2019/20"]
[Date "2019.10.20"]
[Round "2.3"]
[White "zur Lage, Julian"]
[Black "Brandt, Carina"]
[Result "1-0"]
[WhiteElo "2133"]
[BlackElo "2072"]
[PlyCount "83"]
[EventDate "2019.??.??"]

1. d4 Nf6 2. Nf3 g6 3. c4 Bg7 4. Nc3 O-O 5. e4 d6 6. Be2 e5 7. Be3 Nc6 8. d5
Ne7 9. Nd2 Nd7 10. O-O f5 11. f3 f4 12. Bf2 g5 13. Nb5 a6 14. Na7 Rxa7 15. Bxa7
b6 16. b4 Bb7 17. c5 dxc5 18. bxc5 Nxc5 19. Rc1 Qd6 20. Nc4 Qg6 21. Na5 Ra8 22.
d6 cxd6 23. Bxb6 Nxe4 24. Nxb7 d5 25. Bc5 Nxc5 26. Nxc5 g4 27. fxg4 e4 28. Rxf4
Bh6 29. g5 Bxg5 30. Rg4 Kh8 31. Kh1 Qf5 32. Qd4+ Bf6 33. Qe3 Rd8 34. Rf1 Qe5
35. Qf4 Qxf4 36. Rgxf4 Be5 37. Rf7 Ng6 38. Ne6 Rc8 39. Rd7 d4 40. Bxa6 Rb8 41.
Nxd4 Nf4 42. Ne2 1-0

[Event "TV Fischbek - FC St. Pauli III"]
[Site "Landesliga Hamburg 2019/20"]
[Date "2019.10.20"]
[Round "2.4"]
[White "Schneider, Alexander"]
[Black "Goepfert, Jakob"]
[Result "1-0"]
[WhiteElo "2055"]
[BlackElo "2123"]
[PlyCount "103"]
[EventDate "2019.??.??"]

1. e4 c6 2. d4 d5 3. Nc3 dxe4 4. Nxe4 Bf5 5. Ng3 Bg6 6. h4 h6 7. Nf3 Nd7 8. h5
Bh7 9. Bd3 Bxd3 10. Qxd3 Ngf6 11. Bf4 Qa5+ 12. Bd2 Qc7 13. O-O-O e6 14. Kb1 Bd6
15. Ne4 Nxe4 16. Qxe4 Nf6 17. Qe2 O-O 18. g4 Nxg4 19. Rdg1 f5 20. Ne5 Bxe5 21.
dxe5 Qxe5 22. Qxe5 Nxe5 23. Bxh6 Rf7 24. Bf4 Nd7 25. h6 e5 26. Bd2 Nf6 27. Bc3
Re8 28. f4 exf4 29. hxg7 Nh7 30. Rh3 f3 31. Rxf3 f4 32. Rh1 Re3 33. Rxe3 fxe3
34. Rd1 Nf6 35. Re1 Kxg7 36. Rxe3 Kg6 37. Bd4 a6 38. c4 Nd7 39. Kc2 Rf4 40. Kd3
Kf7 41. c5 Nf8 42. Be5 Rf5 43. Kc4 Ne6 44. b4 Nf4 45. Bxf4 Rxf4+ 46. Kb3 Rf2
47. a3 Rf6 48. Ka4 Re6 49. Rd3 Ke8 50. Ka5 Re7 51. Kb6 Rf7 52. Rh3 1-0

[Event "TV Fischbek - FC St. Pauli III"]
[Site "Landesliga Hamburg 2019/20"]
[Date "2019.10.20"]
[Round "2.5"]
[White "Kluth, Carsten"]
[Black "Peters, Thomas"]
[Result "1-0"]
[WhiteElo "2113"]
[BlackElo "1806"]
[PlyCount "115"]
[EventDate "2019.??.??"]

1. d4 d5 2. Bf4 Nf6 3. e3 c6 4. c4 e6 5. Nc3 Bd6 6. Bg3 h5 7. Nf3 Ne4 8. Bd3 f5
9. Bxd6 Nxd6 10. Ne5 Nd7 11. Nxd7 Bxd7 12. c5 Nf7 13. Qc2 b6 14. Ne2 bxc5 15.
Qxc5 Qb6 16. Qc3 Rb8 17. b3 Bc8 18. Rc1 Kd7 19. Nf4 g5 20. Ne2 Ba6 21. h4 Bxd3
22. Qxd3 Qa5+ 23. Qd2 Qxd2+ 24. Kxd2 g4 25. Rc2 Rb6 26. Rhc1 Nd6 27. Nf4 Ne4+
28. Ke2 Rc8 29. f3 Nf6 30. Nd3 Kd6 31. Nc5 Rc7 32. Kf2 e5 33. dxe5+ Kxe5 34.
Nd3+ Kd6 35. Kg3 Rb8 36. Kf4 Re8 37. b4 gxf3 38. gxf3 Nd7 39. Rg1 Nb6 40. Rg6+
Re6 41. Rxe6+ Kxe6 42. Rg2 d4 43. e4 fxe4 44. Kxe4 Kf6 45. Rg5 Re7+ 46. Kxd4
Nd5 47. b5 Ne3 48. bxc6 Nf5+ 49. Kc5 Re3 50. Nb4 Re5+ 51. Nd5+ Ke6 52. Rg6+ Kf7
53. Rd6 Ke8 54. c7 Nxd6 55. Kxd6 Rxd5+ 56. Kxd5 Kd7 57. f4 Kxc7 58. Ke6 1-0

[Event "TV Fischbek - FC St. Pauli III"]
[Site "Landesliga Hamburg 2019/20"]
[Date "2019.10.20"]
[Round "2.6"]
[White "Schermer, Denis"]
[Black "Grote, Dirk"]
[Result "0-1"]
[WhiteElo "2003"]
[BlackElo "2036"]
[PlyCount "64"]
[EventDate "2019.??.??"]

1. d4 d5 2. c4 c6 3. Nf3 Nf6 4. Nc3 dxc4 5. a4 Bf5 6. Ne5 Nbd7 7. Nxc4 Qc7 8.
g3 e5 9. dxe5 Nxe5 10. Bf4 Nfd7 11. a5 g5 12. Ne3 gxf4 13. Nxf5 O-O-O 14. a6 b6
15. Bg2 f3 16. exf3 Nc5 17. Qc2 Ned3+ 18. Kf1 Qe5 19. Bh3 Kc7 20. f4 Qf6 21.
Kg2 Rg8 22. Kf3 Nxb2 23. Ne4 Nxe4 24. Qxe4 Bc5 25. Rhe1 Nd3 26. Rad1 Nxf2 27.
Rxd8 Rxd8 28. Qe5+ Qxe5 29. fxe5 Nxh3 30. Kg4 Nf2+ 31. Kg5 Rd5 32. Kf6 Ng4+ 0-1

[Event "TV Fischbek - FC St. Pauli III"]
[Site "Landesliga Hamburg 2019/20"]
[Date "2019.10.20"]
[Round "2.7"]
[White "David, Torsten"]
[Black "Reichhardt, Philip"]
[Result "1-0"]
[WhiteElo "2056"]
[BlackElo "2014"]
[PlyCount "81"]
[EventDate "2019.??.??"]

1. e4 c5 2. c3 e6 3. d4 d5 4. exd5 Qxd5 5. Nf3 Nf6 6. Bd3 Nc6 7. O-O Be7 8. a3
O-O 9. c4 Qd8 10. dxc5 Bxc5 11. b4 Be7 12. Bb2 b6 13. Qe2 Bb7 14. Nbd2 a5 15.
b5 Nb8 16. Rfd1 Nbd7 17. Ng5 h6 18. Nge4 Qc7 19. Rac1 Rad8 20. Bc2 Nxe4 21.
Nxe4 e5 22. Ng3 Bg5 23. Rb1 Rfe8 24. Be4 Nc5 25. Bxb7 Qxb7 26. Rxd8 Bxd8 27.
Rd1 f6 28. Bc1 Qf7 29. Nf5 Bc7 30. Nd6 Bxd6 31. Rxd6 Qc7 32. Qd1 Ne4 33. Qd5+
Kh8 34. Rc6 Qd8 35. Be3 Qxd5 36. cxd5 Rd8 37. f3 Nd6 38. Bxb6 Rd7 39. a4 Nf5
40. Rc8+ Kh7 41. Rd8 1-0

[Event "TV Fischbek - FC St. Pauli III"]
[Site "Landesliga Hamburg 2019/20"]
[Date "2019.10.20"]
[Round "2.8"]
[White "Schwarzkopf, Joerg"]
[Black "Knecht, Guntram"]
[Result "1/2-1/2"]
[WhiteElo "1868"]
[BlackElo "2013"]
[PlyCount "80"]
[EventDate "2019.??.??"]

1. e4 c5 2. c3 d5 3. exd5 Qxd5 4. d4 Nc6 5. Nf3 Nf6 6. Be3 cxd4 7. cxd4 e6 8.
Nc3 Qd6 9. a3 Be7 10. Bc4 O-O 11. d5 exd5 12. Nxd5 Rd8 13. Nxe7+ Qxe7 14. Qe2
Bg4 15. O-O Ne5 16. Bg5 Bxf3 17. gxf3 Qc5 18. Bxf6 gxf6 19. Rac1 Qd4 20. Rfd1
Qh4 21. Bd5 Qh3 22. Bxb7 Kh8 23. Rxd8+ Rxd8 24. f4 Nd3 25. Rc8 Rxc8 26. Bxc8
Qxc8 27. Qxd3 Qc1+ 28. Kg2 Qxb2 29. Qd6 Kg7 30. Qc5 a6 31. Qb4 Qe2 32. Qd6 Kg6
33. Kg3 h5 34. h3 h4+ 35. Kxh4 Qxf2+ 36. Kg4 Qg2+ 37. Kh4 a5 38. Qd3+ f5 39.
Qg3+ Qxg3+ 40. Kxg3 Kh5 1/2-1/2

[Event "Hamburger SK IV - SK Marmstorf"]
[Site "Landesliga Hamburg 2019/20"]
[Date "2019.10.20"]
[Round "2.1"]
[White "Hebbinghaus, Holger"]
[Black "Weihrauch, Jakob"]
[Result "1/2-1/2"]
[WhiteElo "2310"]
[BlackElo "2167"]
[PlyCount "26"]
[EventDate "2019.??.??"]

1. e4 e5 2. Nf3 Nc6 3. Nc3 Nf6 4. d4 exd4 5. Nxd4 Bb4 6. Nxc6 bxc6 7. Bd3 d5 8.
exd5 cxd5 9. O-O O-O 10. h3 h6 11. Qf3 Re8 12. Bf4 c6 13. Ne2 Ne4 1/2-1/2

[Event "Hamburger SK IV - SK Marmstorf"]
[Site "Landesliga Hamburg 2019/20"]
[Date "2019.10.20"]
[Round "2.2"]
[White "Frackowiak, Oliver"]
[Black "Hawellek, Jeronimo"]
[Result "0-1"]
[WhiteElo "2201"]
[BlackElo "2262"]
[PlyCount "48"]
[EventDate "2019.??.??"]

1. e4 g6 2. d4 Bg7 3. Nc3 d6 4. f4 e6 5. Nf3 Ne7 6. Be3 O-O 7. Qd2 Nd7 8. Bd3
Nf6 9. O-O-O b6 10. e5 Nfd5 11. Nxd5 Nxd5 12. Bf2 Bh6 13. g3 Bb7 14. Be2 dxe5
15. dxe5 Qe8 16. Kb1 Rd8 17. c4 Nxf4 18. Qxd8 Qxd8 19. Rxd8 Nxe2 20. Rhd1 Bxf3
21. Ka1 c5 22. R8d7 Nd4 23. Rg1 Be2 24. b3 Bg7 0-1

[Event "Hamburger SK IV - SK Marmstorf"]
[Site "Landesliga Hamburg 2019/20"]
[Date "2019.10.20"]
[Round "2.3"]
[White "Ramme, Christoph"]
[Black "Juergens, Bernhard"]
[Result "1-0"]
[WhiteElo "2144"]
[BlackElo "2135"]
[PlyCount "119"]
[EventDate "2019.??.??"]

1. e4 e6 2. d4 d5 3. Nc3 Bb4 4. e5 c5 5. a3 Bxc3+ 6. bxc3 Ne7 7. Qg4 Kf8 8. Qd1
b6 9. a4 Qc7 10. Nf3 Ba6 11. Bb5 cxd4 12. cxd4 Bxb5 13. axb5 Qc4 14. Rb1 a6 15.
Bd2 axb5 16. Rb4 Qc6 17. Qb1 Nd7 18. O-O f6 19. exf6 gxf6 20. Rxb5 Kf7 21. Rb3
Rac8 22. c3 Nf5 23. Bf4 Ra8 24. Nd2 Rhg8 25. Qd1 Ra2 26. Qh5+ Kg7 27. Re1 Nf8
28. Reb1 Nd7 29. Re1 Nf8 30. Reb1 Nd7 31. Nf1 Kh8 32. Re1 Qc4 33. Qd1 Qc6 34.
Ne3 Nxe3 35. Rxe3 e5 36. Rh3 exf4 37. Qb1 Nf8 38. Qxa2 Qe6 39. Kf1 Qg4 40. f3
Qc8 41. Ra3 Qf5 42. Kf2 Qd3 43. Qb2 Qe3+ 44. Kf1 Qd3+ 45. Kf2 Qe3+ 46. Kf1 Qd3+
47. Qe2 Qb1+ 48. Kf2 Ne6 49. Rh4 Qg6 50. Rg4 Ng5 51. h4 h5 52. Rxg5 fxg5 53.
Qe5+ Rg7 54. Ra8+ Kh7 55. hxg5 Qxg5 56. Qxg5 Rxg5 57. Rf8 Rg6 58. Rxf4 Rc6 59.
Rf5 Kg6 60. Rxd5 1-0

[Event "Hamburger SK IV - SK Marmstorf"]
[Site "Landesliga Hamburg 2019/20"]
[Date "2019.10.20"]
[Round "2.4"]
[White "Posske, Thore"]
[Black "Hohlbein, Michael"]
[Result "0-1"]
[WhiteElo "2017"]
[BlackElo "2077"]
[PlyCount "78"]
[EventDate "2019.??.??"]

1. d4 d6 2. Nf3 Bg4 3. e4 Nf6 4. Bc4 e6 5. h3 Bh5 6. Bg5 h6 7. Bxf6 Qxf6 8. g4
Bg6 9. Nc3 c6 10. Qe2 Qf4 11. Nh4 Bh7 12. Ng2 Qf6 13. O-O-O b5 14. e5 Qd8 15.
Nxb5 d5 16. Nc3 dxc4 17. Qxc4 Be7 18. d5 cxd5 19. Nxd5 exd5 20. Rxd5 Nd7 21.
Qa4 Rc8 22. Ne3 Bc5 23. Nc4 O-O 24. Rxd7 Qg5+ 25. Kb1 Be4 26. f4 Qg6 27. f5 Qc6
28. Qxc6 Bxc6 29. Rdd1 Bxh1 30. Rxh1 Bd4 31. b3 Rc5 32. Re1 Re8 33. e6 fxe6 34.
Nd6 Bc3 35. Rf1 Re7 36. Ne4 Rc8 37. Rf3 Bf6 38. Re3 Rce8 39. Nd6 exf5 0-1

[Event "Hamburger SK IV - SK Marmstorf"]
[Site "Landesliga Hamburg 2019/20"]
[Date "2019.10.20"]
[Round "2.5"]
[White "Diekmann, Jens"]
[Black "Kirsch, Sergius"]
[Result "1/2-1/2"]
[WhiteElo "2050"]
[BlackElo "1999"]
[PlyCount "49"]
[EventDate "2019.??.??"]

1. c4 Nf6 2. Nc3 g6 3. g3 Bg7 4. Bg2 O-O 5. e4 e5 6. Nge2 Nc6 7. O-O d6 8. d3
Nh5 9. h3 f5 10. Nd5 Be6 11. exf5 gxf5 12. f4 Qd7 13. Kh2 Rae8 14. Be3 Kh8 15.
Rc1 Bg8 16. Bf3 Nf6 17. Nec3 Nxd5 18. Nxd5 exf4 19. Bxf4 Nd4 20. Bh5 Bf7 21.
Rf2 Re6 22. Bd2 Rfe8 23. Nf4 Rh6 24. Bxf7 Qxf7 25. Qf1 1/2-1/2